| Tag |
First Indicator |
Second Indicator |
Subfields |
| LEADER |
00000cam a22000008a 4500 |
| 001 |
in00002036282 |
| 005 |
20151101050508.0 |
| 008 |
040807s2004 ne a f b 001 0 eng |
| 015 |
|
|
|a GBA460248
|2 bnb
|
| 016 |
7 |
|
|a 012972338
|2 Uk
|
| 020 |
|
|
|a 0444512314
|
| 035 |
|
|
|a (OCoLC)ocm56640163
|
| 040 |
|
|
|a UKM
|c UKM
|d OHX
|d OUN
|d IXA
|d CUY
|d TXA
|d UtOrBLW
|
| 049 |
|
|
|a TXAM
|
| 090 |
|
|
|a P132
|b .V37 2004
|
| 245 |
0 |
0 |
|a Variation and universals in biolinguistics /
|c editor, Lyle Jenkins.
|
| 250 |
|
|
|a 1st ed.
|
| 264 |
|
1 |
|a Amsterdam ;
|a Boston :
|b Elsevier,
|c 2004.
|
| 300 |
|
|
|a xxiii, 421 pages :
|b illustrations ;
|c 24 cm.
|
| 336 |
|
|
|a text
|b txt
|2 rdacontent
|
| 337 |
|
|
|a unmediated
|b n
|2 rdamedia
|
| 338 |
|
|
|a volume
|b nc
|2 rdacarrier
|
| 490 |
1 |
|
|a North-Holland linguistic series. Linguistic variations,
|x 0078-1592 ;
|v v. 62
|
| 504 |
|
|
|a Includes bibliographical references and indexes.
|
| 650 |
|
0 |
|a Biolinguistics.
|
| 650 |
|
0 |
|a Language and languages
|x Variation.
|
| 700 |
1 |
|
|a Jenkins, Lyle.
|
| 830 |
|
0 |
|a North-Holland linguistic series ;
|v 62.
|
| 938 |
|
|
|a Otto Harrassowitz
|b HARR
|n har045022392
|c 90.00 EUR
|
| 994 |
|
|
|a C0
|b TXA
|
| 948 |
|
|
|a cataloged
|b h
|c 2005/3/2
|d c
|e blrosas
|f 10:33:38 am
|
| 999 |
|
|
|a MARS
|
| 999 |
f |
f |
|s 326bf8c7-f346-35a7-9f61-65762eae0c4d
|i 1dfa96da-183c-3a3a-9963-701095df1942
|t 0
|
| 952 |
f |
f |
|p ric
|a Texas A&M University
|b Rellis Campus
|c Joint Library Facility
|s JLF
|d Remote Storage
|t 0
|e P132 .V37 2004
|h Library of Congress classification
|i unmediated -- volume
|m A14832331264
|
| 998 |
f |
f |
|a P132 .V37 2004
|t 0
|l Remote Storage
|